La importancia del capital social en los desplazamientos prolongados /
El artículo destaca la relevancia del capital social en situaciones de desplazamientos prolongados. Los autores examinan cómo las redes sociales, las relaciones comunitarias y la confianza mutua pueden desempeñar un papel crucial en el bienestar y la resiliencia de las personas desplazadas. El capit...
Enregistré dans:
| Auteur principal: | |
|---|---|
| Autres auteurs: | , , |
| Format: | Livre |
| Sujets: | |
| Accès en ligne: | texto completo desde el sitio de la revista |
| Tags: |
Ajouter un tag
Pas de tags, Soyez le premier à ajouter un tag!
|
MARC
| LEADER | 00000nam a22000007a 4500 | ||
|---|---|---|---|
| 003 | cru CIDCACS/IIS | ||
| 005 | 20230902214646.0 | ||
| 007 | ta | ||
| 008 | 191009b2018 sp|||p|r||||||0| ||spa|d | ||
| 040 | |c cru CIDCACS/IIS | ||
| 100 | 1 | |9 8653 |a Uzelac, Ana | |
| 245 | 1 | 3 | |a La importancia del capital social en los desplazamientos prolongados / |c Ana Uzelac, Jos Meester, Markus Goransson, Willem van den Berg |
| 300 | |a páginas 28-30: |b foto | ||
| 520 | |a El artículo destaca la relevancia del capital social en situaciones de desplazamientos prolongados. Los autores examinan cómo las redes sociales, las relaciones comunitarias y la confianza mutua pueden desempeñar un papel crucial en el bienestar y la resiliencia de las personas desplazadas. El capital social puede ayudar a satisfacer las necesidades básicas, facilitar el acceso a recursos y oportunidades, proporcionar apoyo emocional y promover la integración en las comunidades de acogida. Además, el artículo analiza los factores que influyen en la formación y el mantenimiento del capital social, como la participación cívica, la cooperación entre actores locales y el fortalecimiento de la cohesión social. Se resalta la importancia de políticas y programas que fomenten el desarrollo del capital social en contextos de desplazamiento prolongado para mejorar la calidad de vida y promover la inclusión social. RAR 03/2023 | ||
| 650 | 0 | |2 OCDE |9 11588 |a CAPITAL SOCIAL | |
| 650 | 0 | |2 OCDE |9 7010 |a DESPLAZAMIENTO | |
| 650 | 0 | |2 OCDE |9 6776 |a REDES SOCIALES | |
| 650 | 0 | |2 OCDE |9 2121 |a BIENESTAR SOCIAL | |
| 650 | 0 | |2 OCDE |9 7877 |a COHESION SOCIAL | |
| 650 | 0 | |2 OCDE |9 3784 |a POLITICAS PUBLICAS | |
| 650 | 0 | |2 OCDE |9 7783 |a PROGRAMAS SOCIALES | |
| 650 | 0 | |2 UNESCO |9 3413 |a CAPITAL HUMANO | |
| 700 | 1 | |9 8654 |a Meester, Jos | |
| 700 | 1 | |9 8655 |a Berg, Willem van den | |
| 700 | 1 | |9 8656 |a Goransson, Markus | |
| 773 | 0 | |0 19267 |9 2905 |a Centro de Estudios sobre Refugiados |d Universidad de Oxford ; Centro de Estudios sobre Refugiados |o 17044 |t Migraciones Forzadas: |x 14609819 | |
| 856 | |u https://www.fmreview.org/sites/fmr/files/downloads/issues/RMF57_0.pdf |y texto completo desde el sitio de la revista | ||
| 942 | |2 ddc |c PP | ||
| 999 | |c 42462 |d 42462 | ||
